Statistics for Biggest Cities in Malaysia

Click here to take the quiz!

General Stats

  • This quiz has been taken 10 times
  • The average score is 3 of 8

Answer Stats

PopulationCity% Correct
1,588,750Kuala Lumpur
100%
657,892Ipoh
78%
708,127George Town
67%
613,977Petaling Jaya
33%
541,306Shah Alam
22%
818,197Seberang Perai
0%
529,074Iskandar Puteri
0%
515,490Seremban
0%

Score Distribution

Percentile by Number Answered

Percent of People with Each Score

Your Score History

You have not taken this quiz